| 000 | 01000nam a2200241 i 4500 | ||
|---|---|---|---|
| 001 | 66801 | ||
| 003 | ES-MaACL | ||
| 005 | 20250831100619.0 | ||
| 007 | t| | ||
| 008 | 030606s2003 sp a |||| | spa d | ||
| 020 | _a84-369-3688-4 | ||
| 080 | _a726.54/.591(460.188 Carbonero) | ||
| 245 | 0 | 0 |
_aRetablo de Carbonero el Mayor _b: restauración e investigación / _c[coordinadora, Rocío Salas Almela]. |
| 260 |
_a[Madrid] : _bMinisterio de Educación, Cultura y Deporte, Subdirección General de Información y Publicaciones : _bInstituto del Patrimonio Histórico Español, _c[2003] |
||
| 300 |
_a215 p. : _bil. col. y n. ; _c27 x 24 cm. |
||
| 504 | _aReferencias bibliográficas. | ||
| 610 | 2 | 4 |
_aIglesia de San Juan Bautista (Carbonero el Mayor) _94677 |
| 650 | 1 | 4 |
_aRetablos- _xRestauración- _zCarbonero el Mayor. _9205786 |
| 700 | 1 |
_aSalas Almela, Rocío. _9101751 |
|
| 710 | 2 |
_aInstituto del Patrimonio Histórico Español. _95018 |
|
| 852 |
_aES-MaACL _jL-27271 |
||
| 999 |
_c66801 _d66801 |
||